| 000 | 00525nam a2200157Ia 4500 | ||
|---|---|---|---|
| 008 | 200626s9999 xx 000 0 und d | ||
| 020 | _a978-1-292-00254-5 | ||
| 100 | _aJohnson, Gerry | ||
| 245 |
_cGerry Johnson, Richard Whittington, Kevan Scholes, Duncan Angwin, Patrick Regnér.-- _aExploring strategy/ |
||
| 250 | _a10th ed. | ||
| 260 |
_aUnited Kingdom : _bPearson Education Limited _c2014 |
||
| 300 | _axxxii, 783 pages | ||
| 500 | _aIncludes Index | ||
| 650 | _aBusiness planning. | ||
| 650 | _aStrategic planning. | ||
| 999 |
_c363817 _d363817 |
||